| 000 | 00927nam a2200277 i 4500 | ||
|---|---|---|---|
| 001 | bg | ||
| 100 | 1 | _aDEHAAN, Jen | |
| 245 | 1 | 0 |
_aMacromedia Flash MX 2004 : _boficjalny podręcznik / _cJen Dehaan ; [tł. Rafał Jońca, Konrad Mantorski]. |
| 246 |
_iTyt. oryg.: _aMacromedia Flash MX 2004: training from the source |
||
| 260 |
_aGliwice : _b"Helion", _c2004. |
||
| 300 |
_a413 s. : _bil. ; _c24 cm. |
||
| 500 | _aTyt. oryg.: "Macromedia Flash MX 2004: training from the source". | ||
| 504 | _aIndeks. | ||
| 650 | 9 | _aFlash MX | |
| 655 | _aPodręczniki | ||
| 700 | 1 |
_aJOŃCA, Rafał. _eTł. |
|
| 700 | 1 |
_aMANTORSKI, Konrad. _eTł. |
|
| 020 | _a8373615342 | ||
| 040 | _cBPK | ||
| 041 | 1 |
_apol _heng |
|
| 080 | _a004.42:004.738.52:004.92](07) | ||
| 920 | _a83-7361-534-2 | ||
| 942 | _cKS | ||
| 008 | s pl f |000 0 pol | ||
| 999 |
_c44926 _d44926 |
||
| 856 |
_uhttp://koha.tu.koszalin.pl/cgi-bin/koha/opac-detail.pl?biblionumber=44926 _yKatalog online BPK |
||